[Event "IECG C1.1999.0.00213"]
[Site "IECG email"]
[Date "1999.05.21"]
[Round "?"]
[White "Koethe, Andreas"]
[Black "Sandehn, Kenth"]
[Result "0-1"]
[WhiteElo "1998"]
[BlackElo "1900"]
[PlyCount "98"]
[EventDate "1999.05.21"]
[EventType "tourn (corr)"]
[EventRounds "6"]
[SourceTitle "Corr 2008"]
[Source "ChessBase"]
[SourceDate "2008.06.24"]
[SourceVersion "1"]
[SourceVersionDate "2008.06.24"]
[SourceQuality "1"]

1. e4 e5 2. Nf3 Nc6 3. Bb5 Bc5 4. c3 Nf6 5. 0-0 0-0 6. d4 Bb6 7. Bg5 h6 8. Bh4 exd4 9. e5 g5 10. Nxg5 hxg5 11. exf6 Qxf6 12. Qg4 d5 13. Qxg5+ Qxg5 14. Bxg5 f6 15. Bf4 Ne5 16. cxd4 Bxd4 17. Nc3 c6 18. Be2 Bf5 19. Rad1 Bb6 20. Be3 Rfe8 21. Bxb6 axb6 22. f4 Ng4 23. Bxg4 Bxg4 24. Rd2 Rad8 25. h3 Bh5 26. g4 Bf7 27. Rfd1 Re3 28. Rd3 Rxd3 29. Rxd3 d4 30. a3 Bc4 31. Rd2 Kg7 32. Ne4 c5 33. Kf2 Bd5 34. Ng3 Be6 35. f5 Bf7 36. h4 Rh8 37. h5 Rd8 38. Ne2 Kh6 39. Nf4 Bb3 40. Re2 Rg8 41. Ng6 d3 42. Rd2 c4 43. Kf3 Ba4 44. Nf4 Bc6+ 45. Kg3 Re8 46. Ne6 Bd5 47. Nf4 Re3+ 48. Kh4 Bf3 49. Kg3 Be2+ 0-1

[Event "IECG Q1.1999.0.00071"]
[Site "IECG email"]
[Date "1999.??.??"]
[Round "?"]
[White "Koethe, Andreas"]
[Black "Newton, Hobart E"]
[Result "1-0"]
[WhiteElo "1998"]
[BlackElo "1990"]
[PlyCount "65"]
[EventDate "1999.03.04"]
[EventType "tourn (corr)"]
[EventRounds "6"]
[SourceTitle "Corr 2008"]
[Source "ChessBase"]
[SourceDate "2008.06.24"]
[SourceVersion "1"]
[SourceVersionDate "2008.06.24"]
[SourceQuality "1"]

1. e4 e5 2. Nf3 Nc6 3. Bb5 a6 4. Ba4 d6 5. c3 Bd7 6. d4 Nge7 7. Bb3 h6 8. Nh4 exd4 9. cxd4 Na5 10. Nc3 Nxb3 11. Qxb3 g5 12. Nf3 Bg7 13. Be3 Rb8 14. 0-0 0-0 15. Rac1 Re8 16. Nd2 Ng6 17. Rfe1 Nf4 18. Bxf4 gxf4 19. Ne2 c6 20. h3 Qh4 21. Nf3 Qf6 22. Qc2 Rbd8 23. b3 Bc8 24. e5 dxe5 25. dxe5 Qf5 26. Qxf5 Bxf5 27. Nxf4 Kf8 28. g4 Bc8 29. Kg2 a5 30. Rc5 a4 31. bxa4 Kg8 32. a5 Bf8 33. Rc4 1-0

[Event "IECG Q1.1999.0.00071"]
[Site "IECG email"]
[Date "1999.??.??"]
[Round "?"]
[White "Scacco, Mauro"]
[Black "Koethe, Andreas"]
[Result "1/2-1/2"]
[WhiteElo "2020"]
[BlackElo "1998"]
[PlyCount "70"]
[EventDate "1999.03.04"]
[EventType "tourn (corr)"]
[EventRounds "6"]
[SourceTitle "Corr 2008"]
[Source "ChessBase"]
[SourceDate "2008.06.24"]
[SourceVersion "1"]
[SourceVersionDate "2008.06.24"]
[SourceQuality "1"]

1. Nf3 d5 2. d4 Nf6 3. Bg5 e6 4. e3 Be7 5. Nbd2 Nbd7 6. Bd3 c5 7. c3 0-0 8. 0-0 b6 9. Ne5 Bb7 10. f4 h6 11. Bh4 a6 12. Qf3 Qc7 13. Rad1 Rac8 14. g4 Bd6 15. Bg3 c4 16. Bb1 Nh7 17. h4 f6 18. Nxd7 Qxd7 19. e4 b5 20. f5 exf5 21. exf5 Rfe8 22. Rfe1 b4 23. Nf1 bxc3 24. bxc3 Bxg3 25. Nxg3 Bc6 26. Nh5 Rb8 27. Qf2 Nf8 28. Rxe8 Rxe8 29. Re1 Rxe1+ 30. Qxe1 Qd6 31. Bc2 Qa3 32. Bd1 Qc1 33. Kf2 Kf7 34. Bf3 Qxe1+ 35. Kxe1 g5 1/2-1/2